[Event "Rostock SSC 07 op 15th"]
[Site "Rostock"]
[Date "2016.07.29"]
[Round "5"]
[White "Giese, Guido"]
[Black "Raitza, Egon"]
[Result "1-0"]
[WhiteElo "1984"]
[BlackElo "1807"]
[PlyCount "79"]
[EventDate "2016.07.27"]
[EventType "swiss"]
[EventRounds "7"]
[EventCountry "GER"]
[SourceTitle "EXT 2017"]
[Source "ChessBase"]
[SourceDate "2016.10.25"]
[SourceVersion "1"]
[SourceVersionDate "2016.10.25"]
[SourceQuality "1"]

1. e4 e6 2. d4 d5 3. Nc3 dxe4 4. Nxe4 Nd7 5. Nf3 Ngf6 6. Bg5 Be7 7. Bxf6 Nxf6 8. Nxf6+ Bxf6 9. Bd3 0-0 10. Qe2 c5 11. 0-0-0 cxd4 12. h4 Qb6 13. Bxh7+ Kxh7 14. Ng5+ Kh6 15. Qd3 g6 16. Ne4 e5 17. Qf3 Bf5 18. Nxf6 Qxf6 19. g4 Kg7 20. gxf5 Qxf5 21. Qxf5 gxf5 22. Rhg1+ Kf6 23. f4 Rad8 24. fxe5+ Kxe5 25. Rge1+ Kf6 26. Rd3 Rh8 27. Rh1 f4 28. Rf3 Kf5 29. h5 Rhg8 30. Rhf1 Rg4 31. Kd2 Re8 32. h6 Re3 33. h7 Rxf3 34. h8Q Rg2+ 35. Ke1 Re3+ 36. Kd1 Ree2 37. Qh5+ Ke4 38. Qxe2+ Rxe2 39. Kxe2 f5 40. Rh1 1-0

[Event "Rostock SSC 07 op 15th"]
[Site "Rostock"]
[Date "2016.07.29"]
[Round "4"]
[White "Petersen, Finn Christopher"]
[Black "Giese, Guido"]
[Result "1-0"]
[WhiteElo "1683"]
[BlackElo "1984"]
[PlyCount "55"]
[EventDate "2016.07.27"]
[EventType "swiss"]
[EventRounds "7"]
[EventCountry "GER"]
[SourceTitle "EXT 2017"]
[Source "ChessBase"]
[SourceDate "2016.10.25"]
[SourceVersion "1"]
[SourceVersionDate "2016.10.25"]
[SourceQuality "1"]

1. e4 c5 2. Nc3 Nc6 3. g3 g6 4. Bg2 Bg7 5. d3 e6 6. f4 d6 7. Nf3 Nge7 8. 0-0 0-0 9. Kh1 Nd4 10. Nxd4 cxd4 11. Ne2 Bd7 12. Bd2 Rc8 13. c3 dxc3 14. Bxc3 Bxc3 15. Nxc3 Qb6 16. Rb1 Qd4 17. Qb3 Rc7 18. Rbe1 Rfc8 19. g4 a5 20. f5 a4 21. Qd1 gxf5 22. exf5 a3 23. Re4 Qb6 24. Qd2 Kh8 25. Qh6 Rg8 26. fxe6 Bxe6 27. Rxe6 fxe6 28. Rf7 1-0

[Event "Rostock SSC 07 op 15th"]
[Site "Rostock"]
[Date "2016.07.28"]
[Round "3"]
[White "Giese, Guido"]
[Black "Nettelbeck, Jann"]
[Result "1-0"]
[WhiteElo "1984"]
[BlackElo "1774"]
[PlyCount "95"]
[EventDate "2016.07.27"]
[EventType "swiss"]
[EventRounds "7"]
[EventCountry "GER"]
[SourceTitle "EXT 2017"]
[Source "ChessBase"]
[SourceDate "2016.10.25"]
[SourceVersion "1"]
[SourceVersionDate "2016.10.25"]
[SourceQuality "1"]

1. e4 c5 2. Nc3 Nc6 3. f4 g6 4. Nf3 Bg7 5. Bb5 e6 6. Bxc6 bxc6 7. 0-0 Ne7 8. d3 d5 9. e5 0-0 10. Na4 Qa5 11. c4 dxc4 12. dxc4 Rd8 13. Qc2 Nf5 14. Bd2 Rxd2 15. Nxd2 Ne3 16. Qc3 Qxc3 17. Nxc3 Nxf1 18. Kxf1 f6 19. Nf3 Ba6 20. b3 Rd8 21. Rd1 Rxd1+ 22. Nxd1 Bh6 23. g3 g5 24. fxg5 fxg5 25. g4 Bg7 26. Nc3 h6 27. Na4 Bf8 28. Ne1 Kf7 29. Nd3 Ke7 30. Naxc5 Bc8 31. Kf2 Kd8 32. Ke3 Kc7 33. Kd4 Kb6 34. Ne4 a5 35. Ndc5 Be7 36. Na4+ Kc7 37. h3 Bf8 38. Nf6 Be7 39. Nc5 Kb6 40. Na4+ Kc7 41. Ne8+ Kd8 42. Nd6 Kc7 43. Nxc8 Kxc8 44. Nc5 Kc7 45. Nxe6+ Kd7 46. Nc5+ Kc7 47. a3 a4 48. b4 1-0

[Event "Mecklenburg VP VL 1516"]
[Site "Mecklenburg VP"]
[Date "2016.01.17"]
[Round "5.4"]
[White "Giese, Guido"]
[Black "Fidorra, Thomas"]
[Result "1/2-1/2"]
[WhiteElo "1856"]
[BlackElo "1940"]
[PlyCount "107"]
[EventDate "2015.09.20"]
[EventType "team-tourn"]
[EventRounds "9"]
[EventCountry "GER"]
[SourceTitle "EXT 2022"]
[Source "ChessBase"]
[SourceDate "2021.10.06"]
[SourceVersion "1"]
[SourceVersionDate "2021.10.06"]
[SourceQuality "1"]
[WhiteTeam "Warnemuende SF Ostsee"]
[BlackTeam "Guestrow/Teterow"]
[WhiteTeamCountry "GER"]
[BlackTeamCountry "GER"]

1. e4 c5 2. Nc3 e6 3. f4 d5 4. exd5 exd5 5. Bb5+ Bd7 6. Qe2+ Ne7 7. Nxd5 Bxb5 8. Qxb5+ Nbc6 9. Ne3 Qc7 10. Nf3 0-0-0 11. 0-0 Ng6 12. Ne5 Ngxe5 13. fxe5 Nxe5 14. Qe2 c4 15. b3 c3 16. d4 Rxd4 17. Nf5 Rd7 18. Bf4 Bc5+ 19. Kh1 f6 20. Rad1 Rhd8 21. Rxd7 Rxd7 22. Rd1 Rxd1+ 23. Qxd1 g6 24. Ng3 Qd7 25. Qxd7+ Nxd7 26. Ne4 Bb4 27. Nd6+ Bxd6 28. Bxd6 Nb6 29. Bc5 Nd5 30. Kg1 b6 31. Bd4 Kd7 32. Kf2 Ke6 33. Kf3 a6 34. a3 b5 35. g3 Kf5 36. g4+ Ke6 37. Ke4 f5+ 38. gxf5+ gxf5+ 39. Kd3 h5 40. Bxc3 Nxc3 41. Kxc3 Ke5 42. Kd3 a5 43. c4 bxc4+ 44. bxc4 a4 45. h4 f4 46. c5 Kd5 47. c6 Kxc6 48. Ke4 Kc5 49. Kxf4 Kc4 50. Ke4 Kb3 51. Kd3 Kxa3 52. Kc3 Ka2 53. Kc2 a3 54. Kc1 1/2-1/2

[Event "ST-2015-0-00125"]
[Site "LSS email"]
[Date "2015.11.21"]
[Round "?"]
[White "Bubir, Alex"]
[Black "Giese, Guido"]
[Result "1-0"]
[WhiteElo "2514"]
[BlackElo "2494"]
[PlyCount "93"]
[EventDate "2014.09.29"]
[EventType "tourn (corr)"]
[EventRounds "6"]
[EventCountry "GER"]
[SourceTitle "Corr 2022"]
[Source "ChessBase"]
[SourceDate "2021.10.24"]
[SourceVersion "1"]
[SourceVersionDate "2021.10.24"]
[SourceQuality "1"]

1. d4 Nf6 2. c4 e6 3. Nf3 Bb4+ 4. Nbd2 0-0 5. a3 Be7 6. e4 d6 7. Be2 Nbd7 8. Qc2 e5 9. Nb1 exd4 10. Nxd4 Nc5 11. Nc3 Re8 12. f3 Nh5 13. 0-0 Bf6 14. Rd1 a5 15. Be3 Bg5 16. Bf2 Nf4 17. Bf1 a4 18. g3 Nh3+ 19. Bxh3 Bxh3 20. Ndb5 Qb8 21. f4 Be7 22. Nd5 Bd8 23. Bxc5 dxc5 24. Ne3 Be7 25. Nc3 c6 26. Nxa4 b5 27. Nc3 b4 28. Ne2 Bf8 29. Kh1 Bc8 30. a4 b3 31. Qd3 Ra7 32. Nc3 Rd7 33. Qe2 Rd4 34. e5 Ba6 35. a5 Qc7 36. Kg1 Red8 37. Qe1 h6 38. Ra3 Re8 39. Qe2 Qd8 40. Qf3 Qc7 41. Ne4 Red8 42. Rc1 Kh8 43. Rc3 Ra8 44. g4 Bc8 45. g5 Rxa5 46. Rcxb3 Rxa3 47. Rxa3 1-0

[Event "ST-2015-0-00125"]
[Site "LSS email"]
[Date "2015.11.21"]
[Round "?"]
[White "Domanov, Dmitry"]
[Black "Giese, Guido"]
[Result "1/2-1/2"]
[WhiteElo "2564"]
[BlackElo "2494"]
[PlyCount "44"]
[EventDate "2014.09.29"]
[EventType "tourn (corr)"]
[EventRounds "6"]
[EventCountry "GER"]
[SourceTitle "Corr 2022"]
[Source "ChessBase"]
[SourceDate "2021.10.24"]
[SourceVersion "1"]
[SourceVersionDate "2021.10.24"]
[SourceQuality "1"]

1. e4 e5 2. Nf3 Nc6 3. Bb5 a6 4. Ba4 Nf6 5. 0-0 b5 6. Bb3 Bc5 7. a4 Rb8 8. c3 d6 9. d4 Bb6 10. a5 Ba7 11. Be3 Bg4 12. Nbd2 0-0 13. h3 exd4 14. cxd4 Bh5 15. Qc1 Nb4 16. Bg5 h6 17. Bh4 c5 18. e5 dxe5 19. dxe5 Nd3 20. Qc3 Bxf3 21. exf6 Be2 22. Rae1 Bxf1 1/2-1/2

[Event "ST-2015-0-00125"]
[Site "LSS email"]
[Date "2015.11.21"]
[Round "?"]
[White "Giese, Guido"]
[Black "Monacell, James"]
[Result "1/2-1/2"]
[WhiteElo "2494"]
[BlackElo "2437"]
[PlyCount "30"]
[EventDate "2014.09.29"]
[EventType "tourn (corr)"]
[EventRounds "6"]
[EventCountry "GER"]
[SourceTitle "Corr 2022"]
[Source "ChessBase"]
[SourceDate "2021.10.24"]
[SourceVersion "1"]
[SourceVersionDate "2021.10.24"]
[SourceQuality "1"]

1. e4 c5 2. Nf3 Nc6 3. Bb5 g6 4. Bxc6 dxc6 5. d3 Bg7 6. h3 b6 7. 0-0 Nf6 8. Nc3 0-0 9. Bf4 Ne8 10. Qd2 f6 11. e5 fxe5 12. Bxe5 Rxf3 13. Bxg7 Nxg7 14. gxf3 Qf8 15. Kh2 Bxh3 1/2-1/2

[Event "Mecklenburg VP VL 1516"]
[Site "Mecklenburg VP"]
[Date "2015.11.15"]
[Round "3.4"]
[White "Giese, Guido"]
[Black "Bauer, Norbert"]
[Result "1/2-1/2"]
[WhiteElo "1856"]
[BlackElo "1974"]
[PlyCount "39"]
[EventDate "2015.09.20"]
[EventType "team-tourn"]
[EventRounds "9"]
[EventCountry "GER"]
[SourceTitle "EXT 2022"]
[Source "ChessBase"]
[SourceDate "2021.10.06"]
[SourceVersion "1"]
[SourceVersionDate "2021.10.06"]
[SourceQuality "1"]
[WhiteTeam "Warnemuende SF Ostsee"]
[BlackTeam "Torgelow Droegeheide"]
[WhiteTeamCountry "GER"]
[BlackTeamCountry "GER"]

1. e4 c5 2. Nf3 Nc6 3. Bb5 d6 4. 0-0 Bd7 5. c3 Nf6 6. Re1 a6 7. Ba4 b5 8. Bc2 Bg4 9. d3 g6 10. Nbd2 Bh6 11. h3 Bxf3 12. Nxf3 Bxc1 13. Rxc1 e5 14. d4 0-0 15. dxc5 dxc5 16. Qxd8 Rfxd8 17. Red1 Kf8 18. Kf1 Ke7 19. Ke2 h6 20. Rxd8 1/2-1/2

[Event "Mecklenburg VP VL 1516"]
[Site "Mecklenburg VP"]
[Date "2015.10.11"]
[Round "2.4"]
[White "Kupfernagel, Michael"]
[Black "Giese, Guido"]
[Result "1/2-1/2"]
[WhiteElo "1901"]
[BlackElo "1856"]
[PlyCount "32"]
[EventDate "2015.09.20"]
[EventType "team-tourn"]
[EventRounds "9"]
[EventCountry "GER"]
[SourceTitle "EXT 2022"]
[Source "ChessBase"]
[SourceDate "2021.10.06"]
[SourceVersion "1"]
[SourceVersionDate "2021.10.06"]
[SourceQuality "1"]
[WhiteTeam "Schwerin SF IV"]
[BlackTeam "Warnemuende SF Ostsee"]
[WhiteTeamCountry "GER"]
[BlackTeamCountry "GER"]

1. d4 d5 2. Nc3 c6 3. e4 dxe4 4. Nxe4 Bf5 5. Ng3 Bg6 6. h4 h6 7. h5 Bh7 8. Nf3 Nd7 9. Bd3 Bxd3 10. Qxd3 e6 11. Bf4 Qa5+ 12. Bd2 Qc7 13. 0-0-0 Ngf6 14. Kb1 0-0-0 15. Ne4 Nxe4 16. Qxe4 Nf6 1/2-1/2

[Event "Rostock SSC op 14th"]
[Site "Rostock"]
[Date "2015.08.02"]
[Round "7.18"]
[White "Fromm, Marius"]
[Black "Giese, Guido"]
[Result "1/2-1/2"]
[WhiteElo "1535"]
[BlackElo "1953"]
[PlyCount "130"]
[EventDate "2015.07.29"]
[EventType "swiss"]
[EventRounds "7"]
[EventCountry "GER"]
[SourceTitle "EXT 2019"]
[Source "ChessBase"]
[SourceDate "2018.10.10"]
[SourceVersion "1"]
[SourceVersionDate "2018.10.10"]
[SourceQuality "1"]

1. e4 c5 2. Nf3 g6 3. d4 cxd4 4. Nxd4 Nc6 5. Be3 Bg7 6. Nc3 Nf6 7. Bc4 Qa5 8. Nxc6 bxc6 9. Bd2 Qc5 10. Bb3 0-0 11. 0-0 d6 12. h3 Ba6 13. Re1 Nd7 14. Be3 Qa5 15. Bd4 Bxd4 16. Qxd4 Qc5 17. Rad1 Qxd4 18. Rxd4 Nc5 19. Bc4 Bxc4 20. Rxc4 Rfc8 21. Na4 Ne6 22. g3 Rab8 23. b3 c5 24. c3 Ng5 25. Kg2 f6 26. f4 Nf7 27. Nb2 e5 28. Ra4 Rc7 29. Nd3 Nd8 30. fxe5 fxe5 31. Nb2 Rb6 32. Nc4 Rbc6 33. Rd1 Nf7 34. h4 h5 35. Ne3 Rb7 36. c4 a6 37. Nd5 Kg7 38. Rf1 Nd8 39. Rf6 Rf7 40. Rxf7+ Kxf7 41. Ne3 Ne6 42. Nc2 Kf6 43. b4 Rb6 44. a3 Nc7 45. Kf3 Ke6 46. Ne3 cxb4 47. Rxb4 Rxb4 48. axb4 Kd7 49. Ke2 Ne6 50. Nc2 Kc6 51. Kd3 g5 52. hxg5 Nxg5 53. Ne1 Kb6 54. Ke3 Ne6 55. Nc2 a5 56. bxa5+ Kxa5 57. Kd3 Nc5+ 58. Ke3 Ka4 59. Kf3 Kb3 60. Ne3 Kb4 61. Nf5 Kxc4 62. Nxd6+ Kd3 63. Nf7 Nxe4 64. Nxe5+ Kd4 65. Ng6 Nxg3 1/2-1/2

[Event "Mecklenburg VP VL 1415"]
[Site "Mecklenburg VP"]
[Date "2015.02.22"]
[Round "6.4"]
[White "Giese, Guido"]
[Black "Wagner, Ralph"]
[Result "1/2-1/2"]
[WhiteElo "1911"]
[BlackElo "2059"]
[PlyCount "77"]
[EventDate "2014.09.21"]
[EventType "team-tourn"]
[EventRounds "9"]
[EventCountry "GER"]
[SourceTitle "EXT 2022"]
[Source "ChessBase"]
[SourceDate "2021.10.06"]
[SourceVersion "1"]
[SourceVersionDate "2021.10.06"]
[SourceQuality "1"]
[WhiteTeam "Rostock HSG Uni"]
[BlackTeam "Schwerin SF III"]
[WhiteTeamCountry "GER"]
[BlackTeamCountry "GER"]

1. e4 d5 2. exd5 Qxd5 3. Nc3 Qa5 4. d4 c6 5. Bc4 Bf5 6. Nf3 e6 7. Bd2 Nf6 8. Nd5 Qd8 9. Nxf6+ gxf6 10. c3 Nd7 11. Qe2 Qc7 12. Nh4 Bg6 13. f4 f5 14. 0-0-0 0-0-0 15. g3 Kb8 16. Be3 Nf6 17. Rhe1 Bh5 18. Nf3 Ng4 19. Bg1 Bd6 20. Qd2 Nf6 21. Be2 Ne4 22. Qc2 Rhg8 23. Nd2 Bxe2 24. Rxe2 Nf6 25. Kb1 h5 26. Nf3 Ne4 27. Qa4 b6 28. Nd2 Nxd2+ 29. Rexd2 h4 30. Bf2 hxg3 31. hxg3 Rh8 32. c4 Be7 33. d5 exd5 34. cxd5 Rxd5 35. Rxd5 cxd5 36. Rxd5 Rh1+ 37. Rd1 Rxd1+ 38. Qxd1 Qc4 39. Bd4 1/2-1/2

[Event "WC-2014-Q-00012"]
[Site "LSS email"]
[Date "2014.11.12"]
[Round "?"]
[White "Bukharin, Alexey"]
[Black "Giese, Guido"]
[Result "0-1"]
[WhiteElo "1963"]
[BlackElo "2497"]
[PlyCount "108"]
[EventDate "2014.11.20"]
[EventType "tourn (corr)"]
[EventRounds "12"]
[EventCountry "GER"]
[SourceTitle "Corr 2022"]
[Source "ChessBase"]
[SourceDate "2021.10.24"]
[SourceVersion "1"]
[SourceVersionDate "2021.10.24"]
[SourceQuality "1"]

1. d4 Nf6 2. c4 e6 3. g3 Bb4+ 4. Bd2 Bxd2+ 5. Qxd2 d5 6. Nf3 c6 7. Bg2 Nbd7 8. 0-0 b6 9. Ne5 Bb7 10. Nc3 0-0 11. Rac1 Qe7 12. cxd5 exd5 13. Nxd7 Qxd7 14. Rfe1 Rfe8 15. Qd3 Rad8 16. e3 Bc8 17. Ne2 Qd6 18. Rc3 Ne4 19. Bxe4 dxe4 20. Qc2 Bd7 21. Nf4 g5 22. Ng2 Qe6 23. Qe2 Rc8 24. h4 h6 25. Qh5 Qf6 26. Rec1 Kg7 27. Qe2 Qe6 28. b4 Qh3 29. Qf1 Ra8 30. a4 Re6 31. a5 Rf6 32. Ne1 Qg4 33. Ng2 Rf5 34. Ra3 Rg8 35. axb6 axb6 36. Ra7 Rf6 37. Rca1 Kh7 38. Qd1 Qh3 39. Qb1 Kg7 40. Rxd7 Qxd7 41. Qxe4 Re8 42. Qc2 Qd5 43. Qd3 Qf3 44. Ra2 Rf5 45. Ne1 Qd5 46. Ng2 Qxa2 47. Qxf5 Qd5 48. Qg4 Qe6 49. Qxe6 fxe6 50. hxg5 hxg5 51. f4 gxf4 52. Nxf4 e5 53. dxe5 Rxe5 54. Kf2 Re4 0-1

[Event "WC-2014-Q-00012"]
[Site "LSS email"]
[Date "2014.11.12"]
[Round "?"]
[White "Giese, Guido"]
[Black "Narkun, Michal"]
[Result "1/2-1/2"]
[WhiteElo "2497"]
[BlackElo "2403"]
[PlyCount "40"]
[EventDate "2014.11.20"]
[EventType "tourn (corr)"]
[EventRounds "12"]
[EventCountry "GER"]
[SourceTitle "Corr 2022"]
[Source "ChessBase"]
[SourceDate "2021.10.24"]
[SourceVersion "1"]
[SourceVersionDate "2021.10.24"]
[SourceQuality "1"]

1. e4 e5 2. Nf3 Nc6 3. Nc3 Nf6 4. Bb5 Bc5 5. Nxe5 Nxe5 6. d4 Bd6 7. f4 Nc6 8. e5 0-0 9. 0-0 Be7 10. d5 a6 11. Bd3 Nxd5 12. Nxd5 d6 13. Be3 dxe5 14. fxe5 Nxe5 15. Bxh7+ Kxh7 16. Qh5+ Kg8 17. Qxe5 Bd6 18. Qh5 f6 19. Rad1 Qe8 20. Qf3 Be6 1/2-1/2

[Event "CP-2014-P-00023"]
[Site "LSS email"]
[Date "2014.09.30"]
[Round "?"]
[White "Obrien, Glenn"]
[Black "Giese, Guido"]
[Result "0-1"]
[WhiteElo "1353"]
[BlackElo "2494"]
[PlyCount "72"]
[EventDate "2014.10.01"]
[EventType "tourn (corr)"]
[EventRounds "6"]
[EventCountry "GER"]
[SourceTitle "Corr 2022"]
[Source "ChessBase"]
[SourceDate "2021.10.24"]
[SourceVersion "1"]
[SourceVersionDate "2021.10.24"]
[SourceQuality "1"]

1. e4 e5 2. Nf3 Nc6 3. Bb5 a6 4. Ba4 Nf6 5. 0-0 b5 6. Bb3 Bc5 7. c3 d6 8. d4 Bb6 9. Bg5 h6 10. Bh4 g5 11. Bg3 Bg4 12. Qd3 Bxf3 13. Qxf3 exd4 14. Bd5 Nxd5 15. exd5 Ne7 16. Rd1 0-0 17. cxd4 f5 18. h4 f4 19. Bh2 Nf5 20. Nd2 Nxh4 21. Qc3 Qf6 22. Nf3 Nf5 23. Kf1 g4 24. Ne1 Qh4 25. Bg1 Rae8 26. Rd3 Ng3+ 27. fxg3 fxg3+ 28. Nf3 gxf3 29. Rxf3 Rxf3+ 30. Qxf3 Rf8 31. Qxf8+ Kxf8 32. Rd1 Qf4+ 33. Ke2 Qe4+ 34. Be3 Qxg2+ 35. Kd3 Qf3 36. Rg1 h5 0-1

[Event "ST-2014-0-00121"]
[Site "LSS email"]
[Date "2014.09.30"]
[Round "?"]
[White "Offenborn, Heinz"]
[Black "Giese, Guido"]
[Result "1/2-1/2"]
[WhiteElo "2475"]
[BlackElo "2511"]
[PlyCount "37"]
[EventDate "2014.05.01"]
[EventType "tourn (corr)"]
[EventRounds "6"]
[EventCountry "GER"]
[SourceTitle "Corr 2022"]
[Source "ChessBase"]
[SourceDate "2021.10.24"]
[SourceVersion "1"]
[SourceVersionDate "2021.10.24"]
[SourceQuality "1"]

1. d4 Nf6 2. c4 g6 3. Nc3 Bg7 4. e4 d6 5. Be2 0-0 6. Nf3 Na6 7. Bf4 Bg4 8. h3 Bxf3 9. Bxf3 e5 10. dxe5 dxe5 11. Be3 c6 12. Qb3 Qa5 13. Qxb7 Rab8 14. Qxa7 Rfc8 15. Bg5 Rxb2 16. 0-0 Rc7 17. Qe3 Nc5 18. Rab1 Rcb7 19. Rfd1 1/2-1/2

[Event "CP-2014-P-00023"]
[Site "LSS email"]
[Date "2014.09.30"]
[Round "?"]
[White "Plummer, Martin"]
[Black "Giese, Guido"]
[Result "0-1"]
[WhiteElo "1044"]
[BlackElo "2494"]
[PlyCount "34"]
[EventDate "2014.10.01"]
[EventType "tourn (corr)"]
[EventRounds "6"]
[EventCountry "GER"]
[SourceTitle "Corr 2022"]
[Source "ChessBase"]
[SourceDate "2021.10.24"]
[SourceVersion "1"]
[SourceVersionDate "2021.10.24"]
[SourceQuality "1"]

1. e4 e5 2. Nf3 Nc6 3. Nc3 Nf6 4. Bc4 Nxe4 5. Bxf7+ Kxf7 6. Nxe4 d5 7. Nc3 e4 8. Ng1 Bf5 9. f3 Bd6 10. Nxd5 Qh4+ 11. Kf1 exf3 12. Nxf3 Qc4+ 13. d3 Qxd5 14. Ng5+ Kg8 15. Qe2 Rf8 16. Ke1 Nd4 17. c4 Qc6 0-1

[Event "Mecklenburg VP VL 1314"]
[Site "Mecklenburg VP"]
[Date "2014.04.27"]
[Round "9.5"]
[White "Motullo, Jens"]
[Black "Giese, Guido"]
[Result "0-1"]
[WhiteElo "1605"]
[BlackElo "1899"]
[PlyCount "74"]
[EventDate "2013.10.20"]
[EventType "team-tourn"]
[EventRounds "9"]
[EventCountry "GER"]
[SourceTitle "EXT 2022"]
[Source "ChessBase"]
[SourceDate "2021.10.06"]
[SourceVersion "1"]
[SourceVersionDate "2021.10.06"]
[SourceQuality "1"]
[WhiteTeam "Greifswald II"]
[BlackTeam "Rostock HSG Uni"]
[WhiteTeamCountry "GER"]
[BlackTeamCountry "GER"]

1. e4 c5 2. b3 Nc6 3. Bb2 e5 4. Nf3 d6 5. Nc3 g6 6. Be2 Bg7 7. d3 Nge7 8. a3 Nd4 9. 0-0 0-0 10. Nxd4 cxd4 11. Nb1 Be6 12. c3 dxc3 13. Bxc3 d5 14. b4 d4 15. Bb2 a5 16. Nd2 axb4 17. axb4 Qb6 18. Nc4 Bxc4 19. dxc4 Qxb4 20. Rb1 Qd6 21. Bc3 Nc6 22. Rxb7 Rfb8 23. Rxb8+ Qxb8 24. Be1 Ra2 25. Bd3 Bh6 26. g3 Qb2 27. Qg4 Qb7 28. f4 exf4 29. gxf4 Nb4 30. Bxb4 Qxb4 31. e5 Qd2 32. Qc8+ Kg7 33. Qh3 Bxf4 34. Rxf4 Qxf4 35. e6 fxe6 36. c5 Qf2+ 37. Kh1 Ra1+ 0-1

[Event "ST-2014-0-00117"]
[Site "LSS email"]
[Date "2014.03.13"]
[Round "?"]
[White "Langer, Raimund"]
[Black "Giese, Guido"]
[Result "1-0"]
[WhiteElo "2448"]
[BlackElo "2491"]
[PlyCount "71"]
[EventDate "2013.11.09"]
[EventType "tourn (corr)"]
[EventRounds "6"]
[EventCountry "GER"]
[SourceTitle "Corr 2022"]
[Source "ChessBase"]
[SourceDate "2021.10.24"]
[SourceVersion "1"]
[SourceVersionDate "2021.10.24"]
[SourceQuality "1"]

1. e4 c5 2. Nf3 g6 3. d4 cxd4 4. Nxd4 Nc6 5. Nc3 Bg7 6. Be3 Nf6 7. Bc4 0-0 8. Bb3 a5 9. 0-0 d6 10. Ndb5 b6 11. Qe2 Nd7 12. Bd5 Bb7 13. Rad1 Rc8 14. f4 Ba6 15. Bc4 Bxc3 16. Nxc3 Bxc4 17. Qxc4 Qc7 18. Qb5 Qb7 19. Rd2 Rb8 20. Bf2 Nc5 21. Re1 Rfc8 22. Qe2 f6 23. Nd5 Kg7 24. h4 Rf8 25. h5 Rf7 26. a3 a4 27. Qf3 Rd8 28. Qg3 Qa7 29. Rdd1 e6 30. Nc3 e5 31. Be3 Qd7 32. Rd5 Ne7 33. Rd2 Kh8 34. Red1 Qc6 35. fxe5 fxe5 36. Bh6 1-0

[Event "Mecklenburg VP VL 1314"]
[Site "Mecklenburg VP"]
[Date "2014.01.19"]
[Round "5.5"]
[White "Stiegler, Maik"]
[Black "Giese, Guido"]
[Result "1/2-1/2"]
[WhiteElo "1897"]
[BlackElo "1899"]
[PlyCount "49"]
[EventDate "2013.10.20"]
[EventType "team-tourn"]
[EventRounds "9"]
[EventCountry "GER"]
[SourceTitle "EXT 2022"]
[Source "ChessBase"]
[SourceDate "2021.10.06"]
[SourceVersion "1"]
[SourceVersionDate "2021.10.06"]
[SourceQuality "1"]
[WhiteTeam "Grevesmuehlen Blau Weiss"]
[BlackTeam "Rostock HSG Uni"]
[WhiteTeamCountry "GER"]
[BlackTeamCountry "GER"]

1. d4 Nf6 2. c4 g6 3. Nc3 Bg7 4. Nf3 d6 5. e4 0-0 6. Be2 Na6 7. 0-0 e5 8. dxe5 dxe5 9. Bg5 Qxd1 10. Raxd1 c6 11. Rd6 Be6 12. Rfd1 h6 13. Bh4 Nh5 14. Ne1 Nf4 15. b3 g5 16. Bg3 Bf6 17. Nc2 Rfd8 18. Bf3 Rxd6 19. Rxd6 Be7 20. Rd2 Rd8 21. Rxd8+ Bxd8 22. Ne3 Ba5 23. Nb1 Nc5 24. h4 Kg7 25. hxg5 1/2-1/2

[Event "RM-2013-0-00133"]
[Site "LSS email"]
[Date "2014.01.04"]
[Round "?"]
[White "Giese, Guido"]
[Black "Konstantinov, Maxim"]
[Result "1-0"]
[WhiteElo "2435"]
[BlackElo "2225"]
[PlyCount "89"]
[EventDate "2013.11.03"]
[EventType "tourn (corr)"]
[EventRounds "6"]
[EventCountry "GER"]
[SourceTitle "Telechess CBM 167"]
[Source "ChessBase"]
[SourceDate "2015.07.13"]
[SourceVersion "1"]
[SourceVersionDate "2015.07.13"]
[SourceQuality "1"]

1. e4 c5 2. Nc3 Nc6 3. f4 e6 4. Nf3 d5 5. Bb5 Nge7 6. exd5 Nxd5 7. Bxc6+ bxc6 8. d3 Bd6 9. 0-0 Nxf4 10. Ne4 0-0 11. Nxd6 Qxd6 12. Qe1 Nd5 13. Nd2 Qe7 14. Qf2 e5 15. b3 f6 16. Ne4 Rd8 17. Ba3 Nb4 18. Nxc5 a5 19. Bb2 Na6 20. Ne4 Qa7 21. d4 f5 22. Ng5 Qe7 23. Nf3 e4 24. Ne5 Qd6 25. c4 Nc7 26. g4 Rf8 27. Qe3 a4 28. b4 a3 29. Bc3 Bd7 30. Rab1 fxg4 31. b5 Rxf1+ 32. Rxf1 cxb5 33. d5 bxc4 34. Nxc4 Qg6 35. Nb6 g3 36. Nxd7 Qg4 37. Nb6 gxh2+ 38. Kh1 Rf8 39. Rxf8+ Kxf8 40. Bb4+ Kg8 41. d6 Ne6 42. d7 Qd1+ 43. Be1 Qb1 44. Nd5 Qb7 45. Nb6 1-0

[Event "RM-2013-0-00133"]
[Site "LSS email"]
[Date "2014.01.04"]
[Round "?"]
[White "Giese, Guido"]
[Black "Sherwood, Russell"]
[Result "1/2-1/2"]
[WhiteElo "2435"]
[BlackElo "2064"]
[PlyCount "55"]
[EventDate "2013.11.03"]
[EventType "tourn (corr)"]
[EventRounds "6"]
[EventCountry "GER"]
[SourceTitle "Telechess CBM 167"]
[Source "ChessBase"]
[SourceDate "2015.07.13"]
[SourceVersion "1"]
[SourceVersionDate "2015.07.13"]
[SourceQuality "1"]

1. e4 c5 2. Nc3 d6 3. f4 g6 4. Nf3 Bg7 5. Bb5+ Bd7 6. Bc4 Nc6 7. 0-0 e6 8. d3 Nge7 9. Qe1 0-0 10. Qh4 Nd4 11. f5 gxf5 12. Bh6 Ng6 13. Qh5 Bxh6 14. Qxh6 Qf6 15. Nxd4 Qxd4+ 16. Kh1 f4 17. Ne2 Qg7 18. Qxg7+ Kxg7 19. Nxf4 Nxf4 20. Rxf4 b5 21. Bb3 Rab8 22. c3 e5 23. Rf2 f5 24. Kg1 f4 25. Bd5 b4 26. d4 bxc3 27. bxc3 h5 28. dxe5 1/2-1/2